[Event "GER Seniors Derby 03rd"]
[Site "Undeloh"]
[Date "2004.04.16"]
[Round "2"]
[White "Quack, Michael"]
[Black "Drusba, Wolfgang"]
[Result "1-0"]
[WhiteElo "1643"]
[BlackElo "1503"]
[PlyCount "133"]
[EventDate "2004.04.15"]
[EventType "swiss"]
[EventRounds "7"]
[EventCountry "GER"]
[SourceTitle "EXT 2006"]
[Source "ChessBase"]
[SourceDate "2005.11.24"]
[SourceVersion "1"]
[SourceVersionDate "2005.11.24"]
[SourceQuality "1"]

1. d4 e6 2. Nf3 Be7 3. e3 c5 4. d5 d6 5. c4 Nf6 6. Nc3 h6 7. Bd3 a6 8. Bc2 Bd7 9. 0-0 b5 10. dxe6 Bxe6 11. cxb5 axb5 12. Nxb5 0-0 13. Nc3 Nc6 14. a3 Qb6 15. e4 Rfd8 16. Qe2 Bg4 17. h3 Nd4 18. Qd3 Bxf3 19. gxf3 Nxc2 20. Qxc2 Nd7 21. Nd5 Qb7 22. f4 Bh4 23. f3 Re8 24. Be3 Nf6 25. Nxf6+ Bxf6 26. Rf2 Qd7 27. Kh2 Rab8 28. Rb1 Qe6 29. Rg2 Kh8 30. Qd2 Qa2 31. Rbg1 Qxb2 32. Qxd6 Qxa3 33. Qxc5 Qxc5 34. Bxc5 Rg8 35. e5 Bd8 36. Re1 Rb3 37. Be3 Ba5 38. Ree2 Rc8 39. f5 Rcc3 40. Bd2 Rc5 41. Bxa5 Rxa5 42. Rgf2 Kg8 43. Rf1 Kf8 44. Kg2 Ke7 45. Rc1 Ra7 46. Rec2 Rbb7 47. Kg3 Kd7 48. Rc4 Ra5 49. Rc5 Rxc5 50. Rxc5 Rb4 51. Ra5 Rb7 52. h4 h5 53. Kf4 Rb4+ 54. Kg5 Ke7 55. Ra7+ Kf8 56. f4 g6 57. fxg6 fxg6 58. Ra6 Kf7 59. Rf6+ Kg7 60. Rxg6+ Kf7 61. Rf6+ Kg7 62. Kxh5 Rb8 63. Kg5 Kh7 64. Rf7+ Kg8 65. e6 Rb1 66. Kf6 Rh1 67. e7 1-0